NBA SHOE QUIZ - Statistics

General Stats
  • This quiz has been taken 600 times
  • The average score is 6 of 10
Answer Stats
Hint Answer % Correct
WHO IS THE BLACK MAMBA KOBE BRYANT
78%
WHO IS THE RAINING MVP STEPHEN CURRY
76%
WHO IS ON THE HOUSTON ROCKETS WITH A BEARD JAMES HARDEN
73%
WHO'S TEAM WON THE 2016 NBA FINALS LEBRON JAMES
71%
WHO WENT TO DUKE UNIVERSITY ON THE CAVS KYRIE IRVING
69%
WHO IS NUMBER 7 ON THE KNICKS CARMELO ANTHONY
66%
WHO IS ON RHE PORTLAND TRAILBLAZERS SIGNED WITH ADIDAS DAMIAN LILLARD
65%
WHO GOT TRADED TO THE GOLDEN STATE WARRIORS KEVIN DURANT
63%
WHO IS NUMBER 3 ON THE BULLS DWAYNE WADE
43%
WHO IS THE GREATEST OF ALL TIME MICHEAL JORDAN
42%
No matching quizzes found
Score Distribution
Percent of People with Each Score
Percentile by Number Answered
Your Score History
You have not taken this quiz